000 01764nam a22004577a 4500
003 OSt
005 20230413141810.0
008 221006b |||||||| |||| 00| 0 eng d
040 _cBiblioteca Lado V
082 _a700
_bK41a
100 _9799
_aRuiz, Margarita
_eeditor
_edirector
245 _aArte Cubano/
_bRevista de Artes Visuales/
260 _bConsejo Nacional de las Artes Plasticas
_c1998
_aCuba
300 _c21x28cm
_a98p.
366 _espa
490 _v1998
_a2
_x1024 8439
505 _tContrapunto de carreno los anos cubanos
505 _tMuseo Nacional. Palacio de Bellas artes
505 _tDiscursos de mujeres
505 _tBejarano: el cambio como compromiso
505 _tCarlos Garaicoa: jugar a la memoria, entre la historia y la ficción
505 _tVisiones del Che
505 _tAdelaida de Juan
505 _tCentenario
505 _tSosabravo: original y diverso
505 _tLecturas
_aPoesia La mano pinta al abanico Del estarcido al original multiple
505 _tPatrimonio
_aLa cultura popular en las marquillas tabacaleras y cigarreras
505 _tExposiciones
505 _tMirador
505 _tResumenes
650 _2Tesauro de Arte & Arquitectura
_aARTE
_9703
650 _2Tesauro de Arte & Arquitectura
_aEXPOSICIONES
650 _2Tesauro de Arte & Arquitectura
_aBIENAL
650 _2Tesauro de Arte & Arquitectura
_aAPRECIACION
650 _2Tesauro de Arte & Arquitectura
_aTEORIA
650 _2Tesauro de Arte & Arquitectura
_aCRITICA
650 _2Tesauro de Arte & Arquitectura
_aFOTOGRAFIA
_9702
650 _2Tesauro de Arte & Arquitectura
_aLITERATURA
650 _2Tesauro de Arte & Arquitectura
_aCUBANO
942 _2ddc
_c1
_h701.18
_iR934a
_n0
999 _c3372
_d3372